00409nam a2200181Ia 4500003000400000005001700004008004100021020001900062040000700081041000800088082001600096100002700112245002500139260002000164300000900184650001500193700001900208OSt20251206104519.0250729s2005 xx 000 0 und d a 9788171416776 cAL aeng a370.78 RAOS aRao Digumarti Bhaskara aSuccessful schooling aNew Delhic2005 a210p aPsychology aRao Digumurthi